El marxismo soviético

Gespeichert in:
Bibliographische Detailangaben
1. Verfasser: Marcuse, Herbert
Format: Buch
Sprache:Undetermined
Veröffentlicht: Madrid, España Alianza 1969
Schlagworte:
Tags: Tag hinzufügen
Keine Tags, Fügen Sie den ersten Tag hinzu!

MARC

LEADER 00000nam a2200000Ia 4500
008 170316s9999 xx 000 0 und d
040 |a cru BVZT 
090 |a 100 M-12m 
100 |a Marcuse, Herbert 
245 |a El marxismo soviético 
260 |a Madrid, España 
260 |b Alianza 
260 |c 1969 
300 |a 300 páginas 
520 |b Análisis sobre las sociedades capitalistas avanzadas, centrado en el marco de las posibilidades revolucionarias. Su punto de partida es el estudio de las concepciones leninistas y estalinistas de la filosofía marxista, reelaborada en el contexto de la Rusia industrial de la primera mitad del siglo XX. De esta manera, el análisis de la ideología soviética es el punto de partida para estudiar algunos elementos de estos países avanzados, respecto a las proyecciones revolucionarias del marxismo. Algunos elementos son el aumento o disminución del potencial del movimiento obrero para la ejecución revolucionaria, la social democratización de los partidos comunistas, así como la demostración de semejanzas en el sistema socialista y el capitalista 
650 |a FILOSOFÍA  |9 5 
999 |c 16902  |d 16902 
942 |c 15 D  |h 100 M-12m  |2 z